000 006960000a22002290004500
003 LK-CoMWRAF
005 20230821075635.0
008 230817t1997 ||||| |||| 00| 0 eng d
020 _a0195641558
040 _aLK-CoMWRAF
_dLK-CoMWRAF
_eLK-CoMWRAF
041 _aeng
082 _a305.42
_bMIL
100 _aMiller, Barbara
245 _aThe Endangered Sex
_b:Neglect of female children in rural North India
260 _aDelhi
_bOxford University Press
_c1997
300 _a201 p. : ill. ; 24 cm.
_bIndex included
650 _aINFANTICIDE-INDIA
650 _aSex discrimination against women - India
650 _aGirls -Abuse of - India
650 _aRural conditions-India
942 _cBK
999 _c592
_d592